000 00599nam a2200241Ia 4500
005 20250425162211.0
008 250425s9999 xx 000 0 und d
020 _a0875846440
041 _aeng
082 _a330.0973
100 _aMALABRE, ALFRED L.
245 0 _aLOST PROPHETS
250 _aS.E.
260 _aBOSTON
260 _aEstados Unidos
_bHARVARD BUSINESS SCHOOL PRESS
_c1994
300 _a256
650 _aECONOMISTAS
650 _aHISTORIA
650 _aMUNDO EMPRESARIAL
710 _aHARVARD BUSINESS SCHOOL PUBLISHING CORPORATION
942 _c01
010 _a55682
999 _c224383
_d224383